|
|
|
|
| LEADER |
00000cam a2200000 7i4500 |
| 001 |
0000000840 |
| 005 |
20030128.0 |
| 020 |
|
|
|a 0793110896
|
| 040 |
|
|
|a INS
|
| 090 |
0 |
0 |
|a HD1387.
|b F5294 1995
|
| 100 |
1 |
|
|a Fisher, Jeffrey D.
|
| 245 |
1 |
0 |
|a Invesment analysis for appraisers
|c by Jeffrey D. Fisher
|
| 260 |
|
|
|a Illinois :
|b Real Estate Education Co. ,
|c 1995
|
| 300 |
|
|
|a 142p.
|
| 650 |
0 |
0 |
|a Commercial buildings
|x Valuations
|
| 650 |
0 |
0 |
|a Real estate investment
|x Rate of return
|
| 650 |
0 |
0 |
|a Real preperty
|x Valuation
|
| 650 |
0 |
0 |
|a Rental housing
|x Valuation
|
| 999 |
|
|
|a 0000006608
|b BOOK
|c Open Shelf
|e Default branch
|